| 000 | 00779cab a2200253 4500 | ||
|---|---|---|---|
| 001 | ABS52382 | ||
| 008 | 090401t1995 xxu||||| |||| 00| 0 eng d | ||
| 035 | _a(Sirsi) u75393 | ||
| 041 | _aeng | ||
| 100 | _aFarndale, N. | ||
| 245 | _aAgent of all he surveys | ||
| 260 | _c1995 | ||
| 350 | _a0 | ||
| 490 |
_aCountry Life _v189(8) 23 February 1995, 50-53(4) |
||
| 520 | _aHighlights the role of the modern day land agent; profiling Philip Everett at the Blenheim estate, Martin Freeth at the Holkham estate and Andrew Thompson at the Belvoir estate. | ||
| 650 | _aESTATE MANAGEMENT | ||
| 650 | _aLAND AGENTS | ||
| 650 | _aLANDED ESTATES | ||
| 650 | _aRESIDENT AGENTS | ||
| 650 | _aRURAL SURVEYORS | ||
| 690 | _aRURAL PRACTICE | ||
| 942 | _n0 | ||
| 948 | _c04/03/1997 | ||
| 999 |
_c47478 _d47478 |
||